000 00327nam a22001337a 4500
008 171003b xxu||||| |||| 00| 0 eng d
020 _a9781429293112
041 _aeng
080 _a159.9
100 _a48
101 _apsi
245 _aQUANTITATIVE LITERACY THINKING BETWEEN THE LINES
_cCRAUDER.B.C
942 _2udc
_cBK
999 _c31390
_d31390